000
00360 a2200157 4500
999
_c
12860
_d
12860
003
OSt
005
20240729175940.0
008
240729b ||||| |||| 00| 0 eng d
020
_a
9783037785799
082
_a
745.4 HAR
100
_a
Kenya Hara
245
_a
100 Whites
260
_b
Lars Müller Publishers
_c
2019
300
_a
205p;
942
_2
ddc